00468 a2200145 4500001000700000003000400007005001700011008004100028082002100069100001800090245004200108260002900150300001000179653013300189067605OSt20211217105723.0  a620.001171bK14C1 aKapitaniak T.1 aChaos for engineerscby T. Kapitaniak aNew YorkbSpringerc2009 a142p. aSystems engineering; Chaotic behavior in systems; Control theory; Nonlinear theories; Mathematical physics; Physics; Engineering